| 000 | 00993nam a22002171a 4500 | ||
|---|---|---|---|
| 999 |
_c19117 _d19117 |
||
| 001 | 19117 | ||
| 003 | OSt | ||
| 005 | 20260204212438.0 | ||
| 008 | 190318s2019||||dr ||||||b||||||||||spa|| | ||
| 090 | _aCON 2018 B18 | ||
| 100 | 1 |
_aBautista Polonia, Luis _esustentante |
|
| 245 | 1 | _aSistema de contabilidad para los proveedores de almuerzo escolar del municipio de Fantino/ Luis Bautista Polonia, Denise Rodríguez Rodríguez, María del Carmen Morales de Jesús ; asesor Juan Francisco Núñez | |
| 260 |
_aCotuí, República Dominicana : _bUTECO, _c2018 |
||
| 300 | _a65 hojas | ||
| 502 | _aTrabajo de grado (Licenciatura en contabilidad)--Universidad Tecnológica del Cibao Oriental, 2018. | ||
| 650 | 4 | _aSistema de contabilidad para los proveedores | |
| 700 | 1 |
_aMorales de Jesús, María del Carmen _esustentante |
|
| 700 | 1 |
_aNúñez, Juan Francisco _easesor |
|
| 830 | _aTesis y disertaciones académicas (Universidad Tecnológica del Cibao Oriental) | ||
| 942 |
_2LC _cTH |
||